000 00292nam a2200121Ia 4500
005 20251222152651.0
008 251222s9999||||xx |||||||||||||| ||spa||
082 _a320.5/P45
100 _aPérez de Laborda, Alfonso
245 0 _aLa Revolución Francesa
264 _bEncuentro
942 _cLIB
999 _c28473
_d28473